| 000 | 00000nam##2200000za#4500 |
| 001 | 9.640016 |
| 003 | CaOODSP |
| 005 | 20210624222448 |
| 007 | cr ||||||||||| |
| 008 | 150407|2000||||xxc|||||o f|0| 0 fre|d |
| 040 | |aCaOODSP|bfre |
| 043 | |an-cn--- |
| 086 | 1 |aSC94-74/2000-1F-PDF |
| 110 | 1 |aCanada.|bCentre canadien de gestion. |
| 245 | 13|aLa fonction publique - une organisation apprenante d'un océan à l'autre : |h[ressource électronique]|bsur la voie de l'avenir |
| 260 | |aOttawa - Ontario : |bCentre canadien de gestion |cJuin 2000. |
| 300 | |a63p.|bréférences |
| 500 | |aLe n° de catalogue (SC94-74/2000-1) et l'ISBN (0-662-65065-4) de l'édition imprimée bilingue ont été incorrectement copiés dans l'édition électronique. |
| 590 | |a12-16-Supp|b2012-04-17 |
| 691 | 07|aDéveloppement professionnel|2gcpds |
| 691 | 07|aÉlaboration des politiques|2gcpds |
| 691 | 07|aFonction publique|2gcpds |
| 775 | 08|tA public service learning organization - from coast to coast : |w(CaOODSP)9.695896 |
| 776 | 0#|tA public service learning organization: from coast to coast to coast |w(CaOODSP)9.662125 |
| 776 | 0#|tLa fonction publique: une organisation apprenante d'un océan à l'autre |w(CaOODSP)9.662126 |
| 856 | 40|ahttp://publications.gc.ca|qPDF|s654 Ko|uhttps://publications.gc.ca/collections/Collection/SC94-74-2000-1F.pdf |